Jawaharlal Nehru : (Record no. 4744)
[ view plain ]
| 000 -LEADER | |
|---|---|
| fixed length control field | 01185cam a2200361 4500 |
| 001 - CONTROL NUMBER | |
| control field | 5626 |
| 005 - DATE AND TIME OF LATEST TRANSACTION | |
| control field | 20181127175912.0 |
| 008 - FIXED-LENGTH DATA ELEMENTS--GENERAL INFORMATION | |
| fixed length control field | 150218s2015 ii ab b 001 0beng |
| 010 ## - LIBRARY OF CONGRESS CONTROL NUMBER | |
| LC control number | 2014362312 |
| 020 ## - INTERNATIONAL STANDARD BOOK NUMBER | |
| International Standard Book Number | 0199457425 (v. 1) |
| International Standard Book Number | 0199457433 (v. 2) |
| International Standard Book Number | 0199457441 (v. 3) |
| International Standard Book Number | 019945745X (set) |
| International Standard Book Number | 9780199457427 (v. 1) |
| International Standard Book Number | 9780199457434 (v. 2) |
| International Standard Book Number | 9780199457441 (v. 3) |
| International Standard Book Number | 9780199457458 (set) |
| 042 ## - AUTHENTICATION CODE | |
| Authentication code | lcode |
| -- | pcc |
| 043 ## - GEOGRAPHIC AREA CODE | |
| Geographic area code | a-ii--- |
| 100 1# - MAIN ENTRY--PERSONAL NAME | |
| Personal name | Gopal, Sarvepalli, |
| Relator term | author. |
| 245 10 - TITLE STATEMENT | |
| Title | Jawaharlal Nehru : |
| Remainder of title | a biography / |
| Statement of responsibility, etc. | Sarvepalli Gopal. |
| 264 #1 - PRODUCTION, PUBLICATION, DISTRIBUTION, MANUFACTURE, AND COPYRIGHT NOTICE | |
| Place of production, publication, distribution, manufacture | New Delhi : |
| Name of producer, publisher, distributor, manufacturer | Oxford University Press, |
| Date of production, publication, distribution, manufacture, or copyright notice | 2015. |
| 300 ## - PHYSICAL DESCRIPTION | |
| Extent | 3 volumes : |
| Other physical details | illustrations, maps ; |
| Dimensions | 23 cm |
| 336 ## - CONTENT TYPE | |
| Content type term | still image |
| Content type code | sti |
| Source | rdacontent |
| Content type term | text |
| Content type code | txt |
| Source | rdacontent |
| 337 ## - MEDIA TYPE | |
| Media type term | unmediated |
| Media type code | n |
| Source | rdamedia |
| 338 ## - CARRIER TYPE | |
| Carrier type term | volume |
| Carrier type code | nc |
| Source | rdacarrier |
| 505 ## - FORMATTED CONTENTS NOTE | |
| Formatted contents note | v.1. 1889-1947 -- v.2. 1947-1956 -- v.3. 1956-1964. |
| Miscellaneous information | |
| Statement of responsibility | |
| Title | |
| 600 10 - SUBJECT ADDED ENTRY--PERSONAL NAME | |
| Personal name | Nehru, Jawaharlal, |
| Dates associated with a name | 1889-1964. |
| 650 #0 - SUBJECT ADDED ENTRY--TOPICAL TERM | |
| Topical term or geographic name entry element | Prime ministers |
| Geographic subdivision | India |
| Form subdivision | Biography. |
| Topical term or geographic name entry element | Statesmen |
| Geographic subdivision | India |
| Form subdivision | Biography. |
| 651 #0 - SUBJECT ADDED ENTRY--GEOGRAPHIC NAME | |
| Geographic name | India |
| General subdivision | Politics and government |
| Chronological subdivision | 20th century. |
| Withdrawn status | Lost status | Source of classification or shelving scheme | Damaged status | Not for loan | Collection code | Home library | Current library | Shelving location | Serial Enumeration / chronology | Inventory number | Total Checkouts | Full call number | Barcode | Date last seen | Price effective from | Koha item type |
|---|---|---|---|---|---|---|---|---|---|---|---|---|---|---|---|---|
| Dewey Decimal Classification | Main TEST | RTC Library | RTC Library | Main opac | 1 | 9029 | 920 GOP | 30009234 | 27/11/2018 | 27/11/2018 | Main | |||||
| Dewey Decimal Classification | Main TEST | RTC Library | RTC Library | Main opac | 2 | 9030 | 920 GOP | 30009345 | 27/11/2018 | 27/11/2018 | Main | |||||
| Dewey Decimal Classification | Main TEST | RTC Library | RTC Library | Main opac | 3 | 9031 | 920 GOP | 30009360 | 27/11/2018 | 27/11/2018 | Main |